000 00677nam a2200193 u 4500
001 000641768
003 AM-YeHGA
005 20250618073345.0
008 090313s2009 ai r 000 0 arm d
020 _z978-99941-53-98-5
040 _aAM-YeHGA
041 0 _aarm
100 1 _aԽաչատրյան, Սահակ Հայրիկի
_96798
245 1 0 _aՊաթոլոգիական ֆիզիոլոգիան Հայաստանում :
_b(Պատմական ակնարկ) /
_cՍ.Հ. Խաչատրյան.
260 _aԵրևան :
_bՎՄՎ-Պրինտ,
_c2009.
300 _a88 էջ ;
_c21 սմ.
650 1 4 _aՖիզիոլոգիա
_xՊաթոլոգիական
_zՀայաստան
090 _c229174
999 _c227631
_d227631